| 000 | 01024nam a2200241 a 4500 | ||
|---|---|---|---|
| 001 | 39479 | ||
| 003 | BD-RjUL | ||
| 005 | 20211209053011.0 | ||
| 008 | 160411b20131996ii ||||e |||| 00| 0 ben d | ||
| 020 |
_a8172153066 _c:Tk.440.00 |
||
| 035 | _a(BD-RjUL)39592 | ||
| 040 |
_aBD-RjUL _bben _cBD-RjUL |
||
| 041 | _aben | ||
| 082 |
_223 _a491.445 _bCHB 2013 |
||
| 100 |
_aচাকী, জ্যোতিভূষণ _9121383 |
||
| 245 |
_aবাংলা ভাষার ব্যাকরণ : _bআনন্দবাজার পত্রিকা ব্যবহার বিধি / _cজ্যোতিভূষণ চাকী |
||
| 260 |
_aকলকাতা : _bআনন্দ পাবলির্শার্স; _c২০১৩ |
||
| 300 |
_a৩১৭ পৃ. : _bচিত্র ; _c২২ সে.মি. |
||
| 504 | _aগ্রন্থপঞ্জি সম্বলিত | ||
| 650 |
_aবাংলা ভাষা _9121623 _vব্যাকরণ |
||
| 650 |
_aBengali language _9121624 _vgrammar |
||
| 942 |
_2ddc _cBK |
||
| 999 |
_c39479 _d39479 |
||